| 000 | 00572cam a2200193 a 4500 | ||
|---|---|---|---|
| 001 | 000018124 | ||
| 005 | 20200929165350.0 | ||
| 008 | 800211s1954 gw 000 1 ger d | ||
| 040 |
_aDO-SdBNP _bger _cLC _dBNPHU |
||
| 042 | _apremarc | ||
| 050 | 0 | 0 |
_aPQ2603.R315 _bS55 |
| 082 |
_ann* _bB823g |
||
| 100 | 1 |
_aBrasillach, Robert, _d1909-1945. _939272 |
|
| 245 | 1 | 0 |
_aGrüsse für Marie-Ange : _bRoman / _cRobert Brasillach. |
| 260 |
_aMunchen : _bBiederstein Verlag München, _c1954. |
||
| 300 |
_a273 p. ; _c19 cm. |
||
| 910 | _aCatalogación por copia / LC | ||
| 049 | _aBNGR | ||
| 999 |
_c17645 _d17645 |
||